College Basketball Nicknames - Statistics

General Stats
  • This quiz has been taken 29 times
    20 since last reset
  • The average score is 155 of 364
Answer Stats
Conference Team Nickname % Correct
American East Carolina Pirates
92%
American Memphis Tigers
92%
American UAB Blazers
85%
American South Florida Bulls
85%
American FAU Owls
85%
American Rice Owls
85%
American Temple Owls
85%
American Wichita St Shockers
85%
Big Ten Wisconsin Badgers
77%
Big 12 Cincinnati Bearcats
77%
Big 12 Baylor Bears
77%
ACC Duke Blue Devils
77%
Big Ten Purdue Boilermakers
77%
Big Ten UCLA Bruins
77%
Big Ten Ohio St Buckeyes
77%
Big 12 Colorado Buffaloes
77%
ACC Louisville Cardinals
77%
ACC Virginia Cavaliers
77%
Big Ten Nebraska Cornhuskers
77%
Big 12 Houston Cougars
77%
Big 12 Oklahoma St Cowboys
77%
Big 12 Iowa St Cyclones
77%
Big Ten Oregon Ducks
77%
Big Ten Illinois Fighting Illini
77%
ACC Notre Dame Fighting Irish
77%
Atlantic 10 Dayton Flyers
77%
Big East Providence Friars
77%
ACC California Golden Bears
77%
American Tulane Green Wave
77%
Big Ten Iowa Hawkeyes
77%
ACC Virginia Tech Hokies
77%
Big Ten Indiana Hoosiers
77%
Big 12 TCU Horned Frogs
77%
ACC Miami Hurricanes
77%
Big East UConn Huskies
77%
Big Ten Washington Huskies
77%
Big 12 Kansas Jayhawks
77%
Big 12 UCF Knights
77%
Atlantic 10 UMass Minutemen
77%
Big 12 West Virginia Mountaineers
77%
Big Ten Penn St Nittany Lions
77%
ACC Syracuse Orange
77%
ACC Pittsburgh Panthers
77%
Big East Seton Hall Pirates
77%
Big 12 Texas Tech Red Raiders
77%
American UTSA Roadrunners
77%
ACC Florida St Seminoles
77%
Big Ten Michigan St Spartans
77%
Big 12 Arizona St Sun Devils
77%
ACC North Carolina Tar Heels
77%
Big Ten Maryland Terrapins
77%
ACC Clemson Tigers
77%
Ivy Princeton Tigers
77%
Big Ten USC Trojans
77%
Big 12 Utah Utes
77%
Big 12 Arizona Wildcats
77%
Big 12 Kansas St Wildcats
77%
Big East Villanova Wildcats
77%
ACC NC State Wolfpack
77%
Big Ten Michigan Wolverines
77%
American Charlotte 49ers
69%
CAA Delaware Blue Hens
69%
Big East Creighton Blue Jays
69%
MAC Ohio Bobcats
69%
Big East Butler Bulldogs
69%
SEC Georgia Bulldogs
69%
ACC Stanford Cardinal
69%
Big 12 BYU Cougars
69%
Ivy Harvard Crimson
69%
SEC Alabama Crimson Tide
69%
ACC Wake Forest Demon Deacons
69%
ACC Boston College Eagles
69%
C-USA Liberty Flames
69%
SEC South Carolina Gamecocks
69%
SEC Florida Gators
69%
Big Ten Minnesota Golden Gophers
69%
American Tulsa Golden Hurricane
69%
Big East Georgetown Hoyas
69%
SEC Texas Longhorns
69%
Big East Xavier Musketeers
69%
ACC SMU Mustangs
69%
Big West Hawaii Rainbow Warriors
69%
SEC Arkansas Razorbacks
69%
SEC Ole Miss Rebels
69%
Big East St. John's Red Storm
69%
MAC Toledo Rockets
69%
Big Ten Rutgers Scarlet Knights
69%
SEC Oklahoma Sooners
69%
SEC Auburn Tigers
69%
SEC LSU Tigers
69%
SEC Missouri Tigers
69%
SEC Tennessee Volunteers
69%
Big Ten Northwestern Wildcats
69%
SEC Kentucky Wildcats
69%
ACC Georgia Tech Yellow Jackets
69%
C-USA New Mexico St Aggies
62%
Mountain West Utah St Aggies
62%
SEC Texas A&M Aggies
62%
Mountain West San Diego St Aztecs
62%
Ivy Brown Bears
62%
America East Maine Black Bears
62%
Big East DePaul Blue Demons
62%
MAC Western Michigan Broncos
62%
Mountain West Boise St Broncos
62%
Ivy Yale Bulldogs
62%
Mountain West Fresno St Bulldogs
62%
SEC Mississippi St Bulldogs
62%
WCC Gonzaga Bulldogs
62%
MAC Buffalo Bulls
62%
MAC Ball St Cardinals
62%
America East Vermont Catamounts
62%
SEC Vanderbilt Commodores
62%
WCC Washington St Cougars
62%
Mountain West Wyoming Cowboys
62%
Atlantic 10 Duquesne Dukes
62%
Mountain West Air Force Falcons
62%
Big East Marquette Golden Eagles
62%
C-USA Western Kentucky Hilltoppers
62%
Mountain West New Mexico Lobos
62%
American North Texas Mean Green
62%
C-USA UTEP Miners
62%
MAAC Saint Peter's Peacocks
62%
Ivy Penn Quakers
62%
Atlantic 10 Fordham Rams
62%
Mountain West Colorado St Rams
62%
Mountain West UNLV Rebels
62%
MAC Miami (OH) Redhawks
62%
Big Sky Idaho Vandals
62%
MAC Akron Zips
62%
WCC Oregon St Beavers
54%
Patriot League Army Black Knights
54%
Sun Belt Texas St Bobcats
54%
Missouri Valley Drake Bulldogs
54%
CAA Drexel Dragons
54%
MAC Eastern Michigan Eagles
54%
MAC Kent St Golden Flashes
54%
MAC Northern Illinois Huskies
54%
Patriot League Navy Midshipmen
54%
Missouri Valley Murray St Racers
54%
Atlantic 10 Loyola Chicago Ramblers
54%
Atlantic 10 Rhode Island Rams
54%
SWAC Florida A&M Rattlers
54%
America East UMBC Retrievers
54%
CAA UNC Wilmington Seahawks
54%
Atlantic 10 Richmond Spiders
54%
Big Sky Idaho St Bengals
46%
Ivy Dartmouth Big Green
46%
Ivy Cornell Big Red
46%
Atlantic 10 Saint Louis Bilikens
46%
C-USA Middle Tennessee Blue Raiders
46%
Atlantic 10 St. Bonaventure Bonnies
46%
C-USA Louisiana Tech Bulldogs
46%
Sun Belt Coastal Carolina Chanticleers
46%
MAC Central Michigan Chippewas
46%
WCC San Francisco Dons
46%
MAC Bowling Green Falcons
46%
MAAC Iona Gaels
46%
C-USA Jacksonville St Gamecocks
46%
America East Albany Great Danes
46%
Southern Chattanooga Mocs
46%
C-USA Kennesaw St Owls
46%
C-USA FIU Panthers
46%
Missouri Valley Northern Iowa Panthers
46%
Atlantic 10 George Mason Patriots
46%
Horizon Youngstown St Penguins
46%
Atlantic 10 VCU Rams
46%
Missouri Valley Southern Illinois Salukis
46%
Missouri Valley Indiana St Sycamores
46%
Horizon Cleveland St Vikings
46%
Atlantic 10 Davidson Wildcats
46%
Mountain West Nevada Wolf Pack
46%
C-USA Sam Houston Bearkats
38%
Missouri Valley Missouri St Bears
38%
Summit League North Dakota St Bison
38%
Big Sky Montana St Bobcats
38%
America East Bryant Bulldogs
38%
Southern The Citadel Bulldogs
38%
Horizon Robert Morris Colonials
38%
SWAC Mississippi Valley St Delta Devils
38%
Atlantic Sun Jacksonville Dolphins
38%
Sun Belt James Madison Dukes
38%
Ohio Valley Morehead St Eagles
38%
Sun Belt Georgia Southern Eagles
38%
Atlantic 10 La Salle Explorers
38%
CAA Campbell Fighting Camels
38%
Sun Belt Southern Miss Golden Eagles
38%
Atlantic Sun Austin Peay Governors
38%
Atlantic Sun Stetson Hatters
38%
Atlantic 10 St. Joseph's Hawks
38%
SWAC Alabama St Hornets
38%
Southland Houston Christian Huskies
38%
Sun Belt South Alabama Jaguars
38%
MAAC Manhattan Jaspers
38%
Southern VMI Keydets
38%
Sun Belt Old Dominion Monarchs
38%
Sun Belt Appalachian St Mountaineers
38%
Sun Belt Georgia St Panthers
38%
WCC Portland Pilots
38%
CAA Hofstra Pride
38%
Sun Belt Louisiana Ragin' Cajuns
38%
Horizon Wright St Raiders
38%
Missouri Valley Illinois St Redbirds
38%
Sun Belt Arkansas St Red Wolves
38%
Sun Belt Marshall Thundering Herd
38%
CAA William & Mary Tribe
38%
Sun Belt Troy Trojans
38%
Sun Belt Louisiana-Monroe Warhawks
38%
America East New Hampshire Wildcats
38%
Missouri Valley Bradley Braves
31%
Big South Charleston Southern Buccaneers
31%
Southern Samford Bulldogs
31%
Southern Western Carolina Catamounts
31%
Atlantic Sun Eastern Kentucky Colonels
31%
Southland McNeese Cowboys
31%
Big Sky Eastern Washington Eagles
31%
Big Sky Montana Grizzlies
31%
Horizon Oakland Grizzlies
31%
CAA Northeastern Huskies
31%
Summit League South Dakota St Jackrabbits
31%
Big South Longwood Lancers
31%
Ivy Columbia Lions
31%
WAC UT Arlington Mavericks
31%
Big West Cal Poly Mustangs
31%
Horizon Northern Kentucky Norse
31%
CAA Elon Phoenix
31%
Missouri Valley Evansville Purple Aces
31%
Patriot League Colgate Raiders
31%
America East UMass Lowell River Hawks
31%
CAA Stony Brook Seawolves
31%
Patriot League Boston University Terriers
31%
Southern Wofford Terriers
31%
CAA Towson Tigers
31%
SWAC Grambling St Tigers
31%
SWAC Jackson St Tigers
31%
WCC Pacific Tigers
31%
Big West Cal St Fullerton Titans
31%
CAA North Carolina A&T Aggies
23%
America East Binghamton Bearcats
23%
MEAC Morgan St Bears
23%
MEAC Howard Bison
23%
Patriot League Bucknell Bison
23%
Northeast Central Connecticut Blue Devils
23%
SWAC Alcorn St Braves
23%
Missouri Valley Belmont Bruins
23%
Southland Incarnate Word Cardinals
23%
Northeast Chicago St Cougars
23%
Patriot League Holy Cross Crusaders
23%
MEAC NC Central Eagles
23%
Patriot League American Eagles
23%
WCC Saint Mary's Gaels
23%
Big West UC Santa Barbara Gauchos
23%
Patriot League Loyola Maryland Greyhounds
23%
Big Sky Sacramento St Hornets
23%
MEAC Delaware St Hornets
23%
Southland Texas A&M-Corpus Christi Islanders
23%
Horizon IU Indianapolis Jaguars
23%
Patriot League Lafayette Leopards
23%
WCC Loyola Marymount Lions
23%
Big Sky Northern Arizona Lumberjacks
23%
Southern Furman Paladins
23%
CAA Hampton Pirates
23%
Southland New Orleans Privateers
23%
MAAC Marist Red Foxes
23%
Northeast LIU Sharks
23%
MEAC Norfolk St Spartans
23%
Southern UNC Greensboro Spartans
23%
Ohio Valley Tennessee St Tigers
23%
Horizon Detroit Mercy Titans
23%
WCC San Diego Toreros
23%
Big West UC San Diego Tritons
23%
Mountain West San Jose St Trojans
23%
WCC Pepperdine Waves
23%
Big Sky Weber St Wildcats
23%
WAC Abilene Christian Wildcats
23%
Big West Long Beach St 49ers
15%
Big West UC Davis Aggies
15%
Big West UC Irvine Anteaters
15%
Missouri Valley Valparaiso Beacons
15%
Atlantic Sun Central Arkansas Bears
15%
Big Sky Northern Colorado Bears
15%
Southern Mercer Bears
15%
Big South Presbyterian Blue Hose
15%
MAAC Quinnipiac Bobcats
15%
WCC Santa Clara Broncos
15%
Southern East Tennessee St Buccaneers
15%
Big South UNC Asheville Bulldogs
15%
SWAC Alabama A&M Bulldogs
15%
Southland Lamar Cardinals
15%
Summit League South Dakota Coyotes
15%
Northeast Le Moyne Dolphins
15%
Atlantic Sun FGCU Eagles
15%
Big South Winthrop Eagles
15%
MEAC Coppin St Eagles
15%
Summit League North Dakota Fighting Hawks
15%
Missouri Valley UIC Flames
15%
MAAC Canisisius Golden Griffins
15%
SWAC Arkansas Pine Bluff Golden Lions
15%
CAA Monmouth Hawks
15%
MEAC UMES Hawks
15%
America East NJIT Highlanders
15%
Atlantic Sun Bellarmine Knights
15%
Northeast Fairleigh Dickinson Knights
15%
WAC California Baptist Lancers
15%
Ohio Valley Western Illinois Leathernecks
15%
Atlantic Sun North Alabama Lions
15%
Ohio Valley Lindenwood Lions
15%
WAC Grand Canyon Lopes
15%
MAAC Mount St. Mary's Mountaineers
15%
Atlantic Sun North Florida Ospreys
15%
Horizon Milwaukee Panthers
15%
Ohio Valley Eastern Illinois Panthers
15%
Northeast St. Francis Red Flash
15%
Ohio Valley Southeast Missouri St Redhawks
15%
Atlantic 10 George Washington Revolutionaries
15%
Big West Cal St Bakersfield Roadrunners
15%
Atlantic Sun Queens Royals
15%
MAAC Siena Saints
15%
Ohio Valley Southern Indiana Screaming Eagles
15%
Northeast Wagner Seahawks
15%
MAAC Fairfield Stags
15%
Ohio Valley Little Rock Trojans
15%
Southland UTRGV Vaqueros
15%
Atlantic Sun Lipscomb Bisons
8%
MAAC Rider Broncs
8%
MEAC South Carolina St Bulldogs
8%
Southland Nicholls Colonels
8%
CAA Charleston Cougars
8%
Ohio Valley SIU Edwardsville Cougars
8%
Southland Northwestern St Demons
8%
Ohio Valley Tennessee Tech Golden Eagles
8%
Summit League Oral Roberts Golden Eagles
8%
Big South Radford Highlanders
8%
SWAC Southern Jaguars
8%
Southland East Texas A&M Lions
8%
Southland SE Louisiana Lions
8%
Southland Stephen F. Austin Lumberjacks
8%
Horizon Purdue Fort Wayne Mastodons
8%
Big West Cal St Northridge Matadors
8%
Summit League Omaha Mavericks
8%
Patriot League Lehigh Mountain Hawks
8%
Big South High Point Panthers
8%
SWAC Prairie View A&M Panthers
8%
Horizon Green Bay Phoenix
8%
MAAC Sacred Heart Pioneers
8%
Summit League Denver Pioneers
8%
MAAC Niagara Purple Eagles
8%
WAC Seattle Redhawks
8%
Summit League Kansas City Roos
8%
Big South Gardner-Webb Runnin' Bulldogs
8%
Ohio Valley UT Martin Skyhawks
8%
WAC Tarleton St Texans
8%
WAC Southern Utah Thunderbirds
8%
SWAC Texas Southern Tigers
8%
Summit League St. Thomas Tommies
8%
WAC Utah Tech Trailblazers
8%
Big Sky Portland St Vikings
8%
MAAC Merrimack Warriors
8%
SWAC Bethune-Cookman Wildcats
8%
WAC Utah Valley Wolverines
8%
Big West UC Riverside Highlanders
0%
Northeast Mercyhurst Lakers
0%
Northeast Stonehill Skyhawks
0%
Big South USC Upstate Spartans
0%
Atlantic Sun West Georgia Wolves
0%
No matching quizzes found
Score Distribution
Percent of People with Each Score
Percentile by Number Answered
Your Score History
You have not taken this quiz since the last reset